Premier League - All time starting XI Quiz Stats

Quiz not verified by Sporcle

Challenge
Share
Tweet
Embed
Score 0/11 Timer 18:00
0 Plays Today
Hint Answer % Correct
MLRyan Giggs
87.1%
MCFrank Lampard
81%
DRPhil Neville
77.6%
DCRio Ferdinand
68.1%
GKDavid James
62.9%
DCSol Campbell
50%
DLJamie Carragher
40.5%
MRGary Speed
40.5%
SEmile Heskey
37.1%
MCGareth Barry
31%
SKevin Davies
19.8%

You're not logged in!

Compare scores with friends on all Sporcle quizzes.
Sign Up with Email
OR
Log In

You Might Also Like...

Show Comments

Extras

Top Quizzes Today


Score Distribution

Your Account Isn't Verified!

In order to create a playlist on Sporcle, you need to verify the email address you used during registration. Go to your Sporcle Settings to finish the process.

Report this User

Report this user for behavior that violates our Community Guidelines.

Details: